000 00740nam a2200265 a 4500
999 _c8564
_d8564
001 8564
003 BD - JhCC
005 20180925175955.0
008 180925s1970 enka 000 0 eng d
020 _a0713459131
035 _a(BD-JhCC)8564
040 _aBD-JhCC
_dBD-JhCC
041 _aeng
050 0 _aHN385.5
082 _a941.0857
_219
_bBRI 1970
245 1 0 _aBritain 1970 :
_ban official handbook /
_cCentral Office of Information
260 _aLondon :
_bBatsford,
_c1989
300 _a522 p. :
_bill. ;
_c26 cm
504 _aIncludes bibliography
651 0 _aGreat Britain
_xSocial conditions
_y1945-
710 _aCentral Office of Information
830 0 _aLiving through history
942 _2ddc
_cBK